Online
Catalog

Hijos del silencio : (Record no. 51065)

MARC details
000 -CABECERA
campo de control de longitud fija 02157nam a2200313 i 4500
003 - IDENTIFICADOR DEL NÚMERO DE CONTROL
campo de control DO-SdBNP
005 - FECHA Y HORA DE LA ÚLTIMA TRANSACCIÓN
campo de control 20250508093854.0
007 - CAMPO FIJO DE DESCRIPCIÓN FÍSICA--INFORMACIÓN GENERAL
campo de control de longitud fija ta
008 - DATOS DE LONGITUD FIJA--INFORMACIÓN GENERAL
campo de control de longitud fija 211129b2018 dr ||||| |||| 00| 0 spa d
020 ## - NÚMERO INTERNACIONAL ESTÁNDAR DEL LIBRO
Número Internacional Estándar del Libro 9789945608236
040 ## - FUENTE DE LA CATALOGACIÓN
Centro catalogador/agencia de origen DO-SdBNP
Lengua de catalogación spa
Centro/agencia transcriptor BNPHU
Normas de descripción rda
082 #4 - NÚMERO DE LA CLASIFICACIÓN DECIMAL DEWEY
Número de clasificación xxx
Número de documento/Ítem A347h
Número de edición 22
100 1# - ENTRADA PRINCIPAL--NOMBRE DE PERSONA
Nombre de persona Alcántara Almánzar, José
Fechas asociadas al nombre 1946-
Término indicativo de función/relación autor
Código de función/relación aut.
9 (RLIN) 7018
245 10 - MENCIÓN DE TÍTULO
Título Hijos del silencio :
Resto del título ensayos /
Mención de responsabilidad, etc. José Alcántara Almánzar.
264 ## - PRODUCCIÓN, PUBLICACIÓN, DISTRIBUCIÓN, FABRICACIÓN Y COPYRIGHT
Producción, publicación, distribución, fabricación y copyright San Juan, Puerto Rico :
Nombre del de productor, editor, distribuidor, fabricante Editorial Isla Negra Editores,
Fecha de producción, publicación, distribución, fabricación o copyright 2018.
300 ## - DESCRIPCIÓN FÍSICA
Extensión 203 páginas
Dimensiones 23 cm.
336 ## - TIPO DE CONTENIDO
Término de tipo de contenido texto
Código de tipo de contenido txt
Fuente rdacontent
337 ## - TIPO DE MEDIO
Nombre/término del tipo de medio sin mediación
Código del tipo de medio n
Fuente rdamedia
338 ## - TIPO DE SOPORTE
Nombre/término del tipo de soporte volumen
Código del tipo de soporte nc
Fuente rdacarrier
490 1# - MENCIÓN DE SERIE
Mención de serie Visiones y cegueras
500 ## - NOTA GENERAL
Nota general Incluye datos biográficos del autor en la solapa de la cubierta.
500 ## - NOTA GENERAL
Nota general Incluye índice onomástico.
500 ## - NOTA GENERAL
Nota general Incluye referencias bibliográficas y notas al pie de las páginas
500 ## - NOTA GENERAL
Nota general Incluye bibliografía al final de los capítulos
505 0# - NOTA DE CONTENIDO CON FORMATO
Nota de contenido con formato Prólogo
Título I. Maestro. Reencuentro con Héctor Incháustegui Cabral -- Héctor incháustegui Cabral: letras de una sola angustia -- Manuel Rueda otra vez -- Márcio Veloz Maggiolo --
-- II. Poliedros. Seis ensayos sobre narrativa dominicana contemporánea -- El universo sensorial de Floriano Martins -- Las ramas del viento -- Cornalina -- Mar de recuerdos -- Duarte, doscientos años después -- Evolución cultural dominicana -- La compleja existencia de la tecnología -- Lenguaje del mar -- Los ojos abiertos de Ginny Taulé -- Contribuciones de Federico García Godoy a la literatura dominicana -- Era lunes ayer -- Estudios literarios dominicanos -- La mirada imantada -- Ensayos al vapor -- Anacaona, la figura histórica y el mito -- Bruno Rosario Candelier, crítico literario -- Autobiografía en el agua -- República Dominicana, paisaje y cultura -- El drama de Juana la Loca -- La tormenta está fuera -- Con las voces del otro -- El universo de Nayla Chehade -- Tomás López Ramírez y su Paraje de tránsito --
-- III. Evocaciones. Breves memorias.
590 ## - NOTA LOCAL (RLIN)
Nota local Inventariado, 2021 /LP<br/><br/><br/>
910 ## - DATOS DE OPCIÓN DEL USUARIO (OCLC)
Datos de opción del usuario Lopérez.
942 ## - ELEMENTOS DE PUNTO DE ACCESO ADICIONAL (KOHA)
Fuente del sistema de clasificación o colocación Dewey Decimal Classification
Tipo de ítem Koha Libro
Holdings
Estado de retiro Estado de pérdida Fuente del sistema de clasificación o colocación Restricciones de uso No para préstamo Código de colección Localización permanente Ubicación/localización actual Ubicación en estantería Fecha de adquisición Fuente de adquisición Total de préstamos Signatura topográfica completa Código de barras Fecha visto por última vez Tipo de ítem Koha Nota pública Número de copia Precio válido a partir de
    Dewey Decimal Classification Excluido de préstamo   Patrimonio Dominicano Biblioteca Nacional Pedro Henríquez Ureña Biblioteca Nacional Pedro Henríquez Ureña Depósito 01.12.2023 Donado por la Presidencia de la República Dominicana 2023   BNPHU PD A347h 2021-28408 29.11.2021 Libro Perteneció a la biblioteca personal de René Rodríguez Soriano    
    Dewey Decimal Classification Excluido de préstamo   Patrimonio Dominicano Biblioteca Nacional Pedro Henríquez Ureña Biblioteca Nacional Pedro Henríquez Ureña Depósito 29.11.2021 Depósito Legal   BNPHU PD A347h 2021-28409 29.11.2021 Libro   e.2 29.11.2021
    Dewey Decimal Classification Préstamo en sala   Dominicana de Servicio Biblioteca Nacional Pedro Henríquez Ureña Biblioteca Nacional Pedro Henríquez Ureña Depósito 29.11.2021 Depósito Legal   BNPHU DS A347h 2021-28410 29.11.2021 Libro   e.3 29.11.2021

Powered by Koha